000
00442nam a2200145Ia 4500
008
100122s9999 xx 000 0 und d
082
_b
64802
_a
823
100
_a
सप्रे मधुवंती
245
_a
स्त्रीजातक
260
_b
शब्दरत्न प्रकाशन
_c
2004
300
_a
206
630
_a
स्त्रीजातक
730
_a
स्त्रीजातक
942
_c
BOOK
999
_c
438202
_d
438199